[Event "Charlotte CCCSA Fall IM-F"]
[Site "Charlotte"]
[Date "2022.11.18"]
[Round "2"]
[White "Adamson, Robby"]
[Black "Zaloznyy, Mike"]
[Result "1/2-1/2"]
[WhiteElo "2238"]
[BlackElo "2226"]
[PlyCount "65"]
[EventDate "2022.11.18"]
[EventType "tourn"]
[EventRounds "9"]
[EventCountry "USA"]
[SourceTitle "CBM 211 Extra"]
[Source "ChessBase"]
[SourceDate "2023.01.31"]
[SourceVersion "1"]
[SourceVersionDate "2023.01.31"]
[SourceQuality "1"]

1. e4 c6 2. d4 d5 3. e5 c5 4. Nf3 cxd4 5. Nxd4 Nc6 6. Nxc6 bxc6 7. Bd3 a5 8. 0-0 e6 9. Re1 Ba6 10. Be3 Bxd3 11. cxd3 Bb4 12. Nd2 d4 13. Bf4 Ne7 14. Bg5 Qd5 15. Bxe7 Kxe7 16. Re4 Bxd2 17. Qxd2 h6 18. Rc1 Qxa2 19. Rxd4 Rhd8 20. Rdc4 Kf8 21. h3 Rab8 22. R1c2 Rb3 23. Rxc6 Rbxd3 24. Qf4 R3d4 25. Qe3 Kg8 26. Rc8 Qd5 27. Rxd8+ Qxd8 28. Kh2 Qd5 29. Re2 Qc4 30. Rc2 Qd5 31. Re2 Rd3 32. Qf4 Qc5 33. Qe4 1/2-1/2

[Event "Charlotte CCCSA Winter"]
[Site "Charlotte"]
[Date "2021.02.13"]
[Round "1"]
[White "Adamson, Robby"]
[Black "Sarkar, Justin"]
[Result "1/2-1/2"]
[WhiteElo "2239"]
[BlackElo "2366"]
[PlyCount "41"]
[EventDate "2021.02.13"]
[EventType "swiss"]
[EventRounds "6"]
[EventCountry "USA"]
[SourceTitle "CBM 200 Extra"]
[Source "ChessBase"]
[SourceDate "2021.03.31"]
[SourceVersion "1"]
[SourceVersionDate "2021.03.31"]
[SourceQuality "1"]

1. e4 c5 2. c3 d5 3. exd5 Qxd5 4. d4 Nf6 5. Nf3 e6 6. Na3 a6 7. Nc4 Nbd7 8. a4 cxd4 9. Qxd4 Bc5 10. Qxd5 exd5 11. Ne3 0-0 12. Bd3 Re8 13. 0-0 Ne5 14. Nxe5 Rxe5 15. Nc2 Bd7 16. Bf4 Ree8 17. Be3 Bxe3 18. Nxe3 a5 19. Rfd1 Bc6 20. Be2 Re4 21. Bf3 1/2-1/2

[Event "Charlotte CCCSA Fall IM"]
[Site "Charlotte"]
[Date "2020.10.02"]
[Round "5"]
[White "Adamson, Robby"]
[Black "Stearman, Josiah P"]
[Result "0-1"]
[WhiteElo "2235"]
[BlackElo "2354"]
[PlyCount "124"]
[EventDate "2020.09.30"]
[EventType "tourn"]
[EventRounds "9"]
[EventCountry "USA"]
[EventCategory "3"]
[SourceTitle "CBM 198 Extra"]
[Source "ChessBase"]
[SourceDate "2020.11.30"]
[SourceVersion "1"]
[SourceVersionDate "2020.11.30"]
[SourceQuality "1"]

1. e4 e5 2. Nf3 Nc6 3. Bc4 Nf6 4. d3 h6 5. Nc3 d6 6. a3 g5 7. h4 g4 8. Nh2 Bg7 9. Be3 h5 10. Qd2 Be6 11. Bg5 Qd7 12. Nf1 Nd4 13. Ng3 c6 14. Nge2 Nxe2 15. Qxe2 0-0-0 16. 0-0-0 Rdf8 17. Bxe6 fxe6 18. Rdf1 Bh6 19. Bxh6 Rxh6 20. Qe3 Qg7 21. Qxa7 Nd7 22. a4 Rhf6 23. Qe3 Kc7 24. Nd1 d5 25. Qg5 Rg6 26. Qd2 Ra8 27. Qb4 Rf6 28. Re1 d4 29. Re2 c5 30. Qb3 Ra5 31. c3 Nb6 32. cxd4 exd4 33. e5 Qh6+ 34. Kb1 Rf8 35. Rc2 Rfa8 36. Qb4 Nd7 37. b3 Kd8 38. Qd2 Qxd2 39. Rxd2 b5 40. Nb2 Nb6 41. Kc2 Ke7 42. f3 g3 43. Rh3 bxa4 44. bxa4 Rg8 45. Rh1 Nd5 46. Ra1 Ne3+ 47. Kc1 Rb8 48. Ra3 Rb4 49. Re2 Kf7 50. Nd1 Nf5 51. Re4 Raxa4 52. Rxa4 Rxa4 53. Kb2 Ke7 54. Rf4 Kd7 55. Re4 Kc6 56. Re1 Nxh4 57. Rh1 Nxg2 58. Rxh5 Ne1 59. Rg5 Nxd3+ 60. Kb1 Rb4+ 61. Ka2 Nf2 62. Nb2 d3 0-1

[Event "Charlotte CCCSA Fall IM"]
[Site "Charlotte"]
[Date "2020.10.01"]
[Round "3"]
[White "Adamson, Robby"]
[Black "Velikanov, Alexander"]
[Result "1/2-1/2"]
[WhiteElo "2235"]
[BlackElo "2274"]
[PlyCount "22"]
[EventDate "2020.09.30"]
[EventType "tourn"]
[EventRounds "9"]
[EventCountry "USA"]
[EventCategory "3"]
[SourceTitle "CBM 198 Extra"]
[Source "ChessBase"]
[SourceDate "2020.11.30"]
[SourceVersion "1"]
[SourceVersionDate "2020.11.30"]
[SourceQuality "1"]

1. e4 c5 2. Nf3 Nc6 3. c3 d5 4. exd5 Qxd5 5. d4 Bf5 6. Be3 cxd4 7. Nxd4 Nf6 8. Nxf5 Qxf5 9. Bd3 Qd5 10. 0-0 0-0-0 11. Be2 Qxd1 1/2-1/2

[Event "Charlotte CCCSA Fall IM"]
[Site "Charlotte"]
[Date "2020.10.01"]
[Round "2"]
[White "Li, Eric"]
[Black "Adamson, Robby"]
[Result "1/2-1/2"]
[WhiteElo "2334"]
[BlackElo "2235"]
[PlyCount "94"]
[EventDate "2020.09.30"]
[EventType "tourn"]
[EventRounds "9"]
[EventCountry "USA"]
[EventCategory "3"]
[SourceTitle "CBM 198 Extra"]
[Source "ChessBase"]
[SourceDate "2020.11.30"]
[SourceVersion "1"]
[SourceVersionDate "2020.11.30"]
[SourceQuality "1"]

1. d4 Nf6 2. c4 e6 3. Nc3 Bb4 4. f3 0-0 5. a3 Bxc3+ 6. bxc3 Ne8 7. e4 b6 8. Bd3 Ba6 9. Nh3 Nc6 10. e5 Qh4+ 11. Kf1 f6 12. exf6 Nxf6 13. Bf4 d6 14. Bg3 Qh6 15. Kg1 Rae8 16. Nf2 Qh5 17. Qa4 Na5 18. Re1 Qg5 19. Rd1 Qe3 20. h4 Nh5 21. Rh3 Nf4 22. Bxf4 Qxf4 23. c5 Bxd3 24. Nxd3 Qe3+ 25. Kh1 dxc5 26. dxc5 Rd8 27. f4 Qe2 28. Re1 Qd2 29. Qe4 Kh8 30. h5 Qxc3 31. Ne5 Qxc5 32. Ng6+ Kg8 33. Qxe6+ Rf7 34. Ne5 Qd5 35. Nxf7 Qxe6 36. Rxe6 Kxf7 37. Rhe3 Rd7 38. f5 c5 39. g4 h6 40. R6e4 Nc6 41. Kg2 b5 42. Re8 Rc7 43. Rh8 c4 44. Ree8 Kf6 45. Kg3 Ne7 46. Kf4 Nd5+ 47. Ke4 c3 1/2-1/2

[Event "Charlotte CCCSA Summer IM"]
[Site "Charlotte"]
[Date "2020.08.19"]
[Round "1"]
[White "Adamson, Robby"]
[Black "Tsay, Vincent"]
[Result "1-0"]
[WhiteElo "2201"]
[BlackElo "2310"]
[PlyCount "93"]
[EventDate "2020.08.19"]
[EventType "tourn"]
[EventRounds "9"]
[EventCountry "USA"]
[EventCategory "4"]
[SourceTitle "CBM 197 Extra"]
[Source "ChessBase"]
[SourceDate "2020.09.30"]
[SourceVersion "1"]
[SourceVersionDate "2020.09.30"]
[SourceQuality "1"]

1. e4 e6 2. d4 d5 3. Nc3 Nf6 4. e5 Nfd7 5. Nce2 c5 6. c3 Nc6 7. Nf3 Be7 8. a3 0-0 9. Nf4 cxd4 10. cxd4 b5 11. Bd3 Qb6 12. Be3 a5 13. h4 h6 14. g4 b4 15. g5 bxa3 16. bxa3 Bxa3 17. gxh6 gxh6 18. Rg1+ Kh8 19. Nd2 Rg8 20. Rxg8+ Kxg8 21. Rxa3 Nb4 22. Nh5 Nxd3+ 23. Rxd3 Ba6 24. Qg4+ Kf8 25. Bxh6+ Ke7 26. Bg5+ Ke8 27. Rb3 Qc6 28. Rb1 Rc8 29. Rd1 a4 30. Ng7+ Kf8 31. Bh6 Ke7 32. Qg5+ f6 33. exf6+ Nxf6 34. Nh5 Qb5 35. Qxf6+ Kd7 36. Qf7+ Kc6 37. Qxe6+ Kb7 38. Rb1 Ka7 39. Rxb5 Rc1+ 40. Ke2 Bxb5+ 41. Kf3 Rc3+ 42. Be3 a3 43. Nb1 a2 44. Nxc3 Be2+ 45. Kxe2 a1Q 46. Qd7+ Ka8 47. Qa4+ 1-0

[Event "Titled Tuesday intern op 6th June"]
[Site "Chess.com INT"]
[Date "2020.06.02"]
[Round "5"]
[White "Adamson, Robby"]
[Black "Javakhadze, Zurab"]
[Result "0-1"]
[WhiteElo "2201"]
[BlackElo "2454"]
[PlyCount "130"]
[EventDate "2020.06.02"]
[EventType "swiss (blitz)"]
[EventRounds "10"]
[EventCountry "USA"]
[SourceTitle "CBM 196 Extra"]
[Source "ChessBase"]
[SourceDate "2020.07.31"]
[SourceVersion "1"]
[SourceVersionDate "2020.07.31"]
[SourceQuality "1"]

1. e4 c5 2. Nf3 d6 3. d4 cxd4 4. Nxd4 Nf6 5. Nc3 a6 6. h3 e5 7. Nde2 h5 8. Bg5 Be7 9. Ng3 h4 10. Nf5 Bxf5 11. exf5 Nbd7 12. Bc4 Rc8 13. Bb3 Rh5 14. Bxf6 Nxf6 15. Qf3 Qd7 16. Nd5 Rxf5 17. Nxf6+ Rxf6 18. Qe2 Rg6 19. Qf3 d5 20. 0-0-0 e4 21. Qh5 Rh6 22. Qxd5 Qxd5 23. Rxd5 Rf6 24. Re5 Rxf2 25. Rxe4 Kf8 26. Rhe1 Bg5+ 27. Kb1 g6 28. R4e2 Rxe2 29. Rxe2 Rd8 30. c3 Rd7 31. Kc2 Kg7 32. Bc4 f5 33. a4 Kf6 34. Re6+ Kg7 35. Re2 Bf4 36. b4 Bg5 37. a5 Rc7 38. Kb3 Bf6 39. Re6 g5 40. Re3 Kg6 41. Rf3 g4 42. Rf2 Kg5 43. hxg4 fxg4 44. Rf1 Be5 45. Rc1 Rd7 46. Re1 Kf4 47. Re2 Rd1 48. Be6 Rd3 49. Rc2 Kg3 50. Bc4 Re3 51. Bd5 h3 52. gxh3 gxh3 53. Bxb7 Re1 54. Bxa6 h2 55. Bb7 Bd6 56. Bc6 Bb8 57. Rg2+ Kh3 58. Rb2 Re6 59. Bd7 h1Q 60. Bxe6+ Kh4 61. Bc4 Qd1+ 62. Ka3 Be5 63. a6 Bxc3 64. Rh2+ Kg3 65. Re2 Bd2 0-1

[Event "Titled Tuesday intern op 26th May"]
[Site "Chess.com INT"]
[Date "2020.05.26"]
[Round "2"]
[White "Adamson, Robby"]
[Black "Tarasova, Viktoriya"]
[Result "1-0"]
[WhiteElo "2201"]
[BlackElo "2226"]
[PlyCount "79"]
[EventDate "2020.05.26"]
[EventType "swiss (blitz)"]
[EventRounds "10"]
[EventCountry "USA"]
[SourceTitle "CBM 196 Extra"]
[Source "ChessBase"]
[SourceDate "2020.07.31"]
[SourceVersion "1"]
[SourceVersionDate "2020.07.31"]
[SourceQuality "1"]

1. e4 e5 2. Nf3 Nc6 3. Bb5 Nf6 4. 0-0 Nxe4 5. Qe2 Nd6 6. Bxc6 dxc6 7. Qxe5+ Be7 8. Qxg7 Bf6 9. Re1+ Be6 10. Qh6 Qe7 11. d3 Rg8 12. Nbd2 0-0-0 13. Ne4 Nxe4 14. dxe4 Bg4 15. Qf4 Bh8 16. c3 Rd6 17. e5 Rdg6 18. Nd4 c5 19. Nc2 Bh3 20. g3 Re6 21. Bd2 Bxe5 22. Qf3 Bg4 23. Qg2 Bd6 24. Rxe6 Qxe6 25. Ne3 Bh5 26. Qd5 Qh3 27. Qf5+ Qxf5 28. Nxf5 Kd7 29. Re1 Bg6 30. Nxd6 cxd6 31. Bf4 d5 32. Re5 Kc6 33. h4 h5 34. Re7 Rd8 35. Rc7+ Kb6 36. Kf1 d4 37. Re7 d3 38. Bc7+ Kc6 39. Bxd8 d2 40. Ke2 1-0

[Event "Charlotte CCCSA Summer IM-B"]
[Site "Charlotte"]
[Date "2019.06.08"]
[Round "6"]
[White "Adamson, Robby"]
[Black "Wang, Jason"]
[Result "1/2-1/2"]
[WhiteElo "2238"]
[BlackElo "2287"]
[PlyCount "67"]
[EventDate "2019.06.05"]
[EventType "tourn"]
[EventRounds "9"]
[EventCountry "USA"]
[EventCategory "3"]
[SourceTitle "CBM 190 Extra"]
[Source "ChessBase"]
[SourceDate "2019.07.15"]
[SourceVersion "1"]
[SourceVersionDate "2019.07.15"]
[SourceQuality "1"]

1. e4 c5 2. Nf3 e6 3. d4 cxd4 4. Nxd4 a6 5. c4 Nf6 6. Nc3 Bb4 7. Qd3 0-0 8. e5 Ne8 9. Bf4 d6 10. Nc2 Bxc3+ 11. Qxc3 dxe5 12. Rd1 Qe7 13. Bxe5 f6 14. Bg3 e5 15. Be2 Be6 16. 0-0 Nc6 17. f3 Nd6 18. Bf2 Rfc8 19. b3 b5 20. c5 Nf7 21. Rd2 Qb7 22. Qe3 Ne7 23. Qe4 Bd5 24. Qd3 Rd8 25. Qc3 Bc6 26. Rfd1 Nd5 27. Qa5 Rd7 28. Bf1 Rad8 29. Nb4 Nxb4 30. Rxd7 Rxd7 31. Rxd7 Qxd7 32. Qxb4 Ng5 33. h4 Ne6 34. Qa5 1/2-1/2

[Event "Charlotte CCCSA Summer IM-B"]
[Site "Charlotte"]
[Date "2019.06.08"]
[Round "7"]
[White "Hevia Alejano, Carlos Antonio"]
[Black "Adamson, Robby"]
[Result "1/2-1/2"]
[WhiteElo "2471"]
[BlackElo "2238"]
[PlyCount "156"]
[EventDate "2019.06.05"]
[EventType "tourn"]
[EventRounds "9"]
[EventCountry "USA"]
[EventCategory "3"]
[SourceTitle "CBM 190 Extra"]
[Source "ChessBase"]
[SourceDate "2019.07.15"]
[SourceVersion "1"]
[SourceVersionDate "2019.07.15"]
[SourceQuality "1"]

1. Nf3 d5 2. c4 d4 3. e3 Nc6 4. d3 dxe3 5. Bxe3 e5 6. Nc3 Nf6 7. d4 exd4 8. Nxd4 Nxd4 9. Qxd4 Be6 10. 0-0-0 Qxd4 11. Bxd4 c6 12. Bxf6 gxf6 13. Ne4 f5 14. Nd6+ Bxd6 15. Rxd6 Ke7 16. Rd2 Rad8 17. Be2 Rhg8 18. g3 Kf6 19. Rxd8 Rxd8 20. Kc2 Ke5 21. Kc3 c5 22. Re1 Kf6 23. a3 a5 24. f4 b6 25. b3 Rd7 26. Bd3 Rd8 27. Rb1 Ra8 28. Be2 Ke7 29. Bf3 Ra7 30. Re1 Rd7 31. Re5 Kf6 32. Be2 Ra7 33. Bf3 Rd7 34. b4 axb4+ 35. axb4 Rd4 36. Be2 Re4 37. bxc5 bxc5 38. Rxe4 fxe4 39. Kd2 Kg6 40. g4 f5 41. gxf5+ Kxf5 42. Ke3 Bf7 43. Bf1 Bg8 44. Bg2 Bxc4 45. Bxe4+ Kf6 46. Bxh7 Be6 47. Be4 Bh3 48. Kd2 Ke6 49. Kc3 Ke7 50. Kd3 Ke6 51. Bb7 Kf6 52. Bd5 Bf1+ 53. Ke3 Bh3 54. Bc4 Kf5 55. Kf3 Kf6 56. Kg3 Bf5 57. h4 Bg6 58. Kf3 Ke7 59. Bd5 Kf6 60. Kf2 Kf5 61. Kg3 Kf6 62. Kg4 Bd3 63. Kf3 Bg6 64. Ke3 Bh5 65. Bf3 Bg6 66. h5 Bf7 67. h6 Be6 68. Be4 Bc4 69. f5 Bg8 70. Kf4 c4 71. Bb1 c3 72. Bc2 Bh7 73. Kg4 Bg8 74. Kf4 Bh7 75. Ke3 Kg5 76. f6 Kxf6 77. Bxh7 Kg5 78. Kd3 Kf6 1/2-1/2

[Event "Charlotte CCCSA Summer IM-B"]
[Site "Charlotte"]
[Date "2019.06.06"]
[Round "2"]
[White "Adamson, Robby"]
[Black "Jacobson, Aaron"]
[Result "0-1"]
[WhiteElo "2238"]
[BlackElo "2311"]
[PlyCount "80"]
[EventDate "2019.06.05"]
[EventType "tourn"]
[EventRounds "9"]
[EventCountry "USA"]
[EventCategory "3"]
[SourceTitle "CBM 190 Extra"]
[Source "ChessBase"]
[SourceDate "2019.07.15"]
[SourceVersion "1"]
[SourceVersionDate "2019.07.15"]
[SourceQuality "1"]

1. e4 c6 2. d4 d5 3. f3 e6 4. Nc3 g6 5. Be3 Bg7 6. Qd2 Nd7 7. Bd3 c5 8. Nge2 c4 9. exd5 cxd3 10. Qxd3 exd5 11. Nb5 a6 12. Nd6+ Kf8 13. Qa3 Ne7 14. h4 Nf6 15. Nf4 h5 16. Nd3 Ne8 17. Bf4 Kg8 18. Nxe8 Qxe8 19. 0-0-0 Nc6 20. Rhe1 Qd8 21. Bg5 Bf6 22. Bxf6 Qxf6 23. Re8+ Kh7 24. Rxh8+ Qxh8 25. Nf4 Qd8 26. Qb3 Qxh4 27. Nxd5 Na5 28. Qe3 Nc4 29. Qe4 Qxe4 30. fxe4 Be6 31. Nf4 Kg7 32. b3 Nd6 33. e5 Ne4 34. Re1 Bf5 35. c4 h4 36. Kb2 g5 37. Nd5 Ng3 38. Ne3 Be4 39. Kc3 Bxg2 40. Nxg2 h3 0-1

[Event "Charlotte CCCSA Summer IM-B"]
[Site "Charlotte"]
[Date "2019.06.06"]
[Round "3"]
[White "Turgut, Aydin"]
[Black "Adamson, Robby"]
[Result "1-0"]
[WhiteElo "2195"]
[BlackElo "2238"]
[PlyCount "83"]
[EventDate "2019.06.05"]
[EventType "tourn"]
[EventRounds "9"]
[EventCountry "USA"]
[EventCategory "3"]
[SourceTitle "CBM 190 Extra"]
[Source "ChessBase"]
[SourceDate "2019.07.15"]
[SourceVersion "1"]
[SourceVersionDate "2019.07.15"]
[SourceQuality "1"]

1. e4 e5 2. Nf3 Nc6 3. Bc4 Nf6 4. d3 h6 5. 0-0 d6 6. c3 g6 7. Re1 Bg7 8. Nbd2 0-0 9. Nf1 d5 10. exd5 Nxd5 11. Bb5 Nde7 12. Ng3 Kh7 13. Be3 a6 14. Ba4 b6 15. Qe2 f5 16. Bd2 Qd6 17. c4 f4 18. Ne4 Qd8 19. Bc3 Rb8 20. Ned2 Rf5 21. Bc2 Bb7 22. Nb3 Rh5 23. d4 exd4 24. Nfxd4 Nxd4 25. Bxd4 Nf5 26. Bxf5 Rxf5 27. Qe7 Qf8 28. Qxc7 Rf7 29. Bxg7 Rxg7 30. Qe5 f3 31. Nd4 Rf7 32. Re3 Rc8 33. b3 fxg2 34. Ne6 Qe7 35. Rh3 Rf5 36. Qe3 h5 37. Re1 Rc6 38. Nd4 Qxe3 39. Rhxe3 Rf7 40. Nxc6 Bxc6 41. Re6 Rc7 42. Re7+ 1-0